| 000 -ლიდერი |
| ფიქსირებული სიგრძის საკონტროლო ველი |
01103nam a22001937a 4500 |
| 003 - საკონტროლო ნომრის იდენტიფიკატორი |
| საკონტროლო ველი |
Ge_BSU |
| 005 - ბოლო ოპერაციის თარიღი და დრო |
| საკონტროლო ველი |
20260317150950.0 |
| 008 - ფიქსირებული სიგრძის მონაცემთა ელემენტები - ზოგადი ინფორმაცია |
| ფიქსირებული სიგრძის საკონტროლო ველი |
260317s1971 ge ||||| |||| 00| 0 geo d |
| 041 ## - ენის კოდი |
| Language code of text/sound track or separate title |
geo |
| 080 ## - უნივერსალური ათობითი კლასიფიკაციის ინდექსი |
| Universal Decimal Classification number |
338(47+57)(09)(075.8) ბ-37 |
| 100 ## - მთავარი ჩანაწერი - პიროვნების სახელი |
| Personal name |
ბახტაძე, ვალერიან |
| 9 (RLIN) |
27150 |
| 245 ## - ცნობა სათაურის შესახებ |
| Title |
სსრ კავშირის ეკონომიური ისტორია : |
| Remainder of title |
სახელმძღვანელო ეკონ. ფაკ-ტის სტუდენტებისათვის. ნაწ. 2, 1917-1970 წწ. / |
| Statement of responsibility, etc |
ვალერიან ბახტაძე, გრიგოლ ჩიჩუა, ვალერიან ადვაძე. |
| 264 ## - წარმოების, გამოცემის, დისტრიბუციის და სხვა ცნობები |
| გამოცემის, წარმოების, დისტრიბუციის... ადგილი |
თბილისი : |
| გამოცემის, წარმოების, დისტრიბუციის... სახელწოდება |
თბილ. უნ-ტის გამ-ბა, |
| გამოცემის, წარმოების, დისტრიბუციის... თარიღი |
1971. |
| 300 ## - ფიზიკური აღწერა |
| Extent |
193 გვ. |
| Other physical details |
22 ცმ. |
| 653 ## - INDEX TERM--UNCONTROLLED |
| Uncontrolled term |
სსრ კავშირის ეკონომიკის ისტორია |
| 700 ## - ADDED ENTRY--PERSONAL NAME |
| Personal name |
ჩიჩუა, გ. |
| Relator term |
ავტორი |
| 9 (RLIN) |
27151 |
| 700 ## - ADDED ENTRY--PERSONAL NAME |
| Personal name |
ადვაძე, ვ. |
| Relator term |
ავტორი |
| 9 (RLIN) |
26241 |
| 942 ## - ADDED ENTRY ELEMENTS (KOHA) |
| Source of classification or shelving scheme |
|
| Koha item type |
წიგნი |